Criminología: una introducción a sus fundamentos teóricos (Registro nro. 1074)
[ vista simple ]
| 000 -Cabecera | |
|---|---|
| Campo de control de longitud fija | 00971aam a2200349 4500 |
| 005 - Fecha y hora de la última transacción | |
| Campo de control | 20260216173507.0 |
| 008 - Elementos de longitud fija--Información general | |
| Campo de control de longitud fija | 150406b2007 xxu||||| |||| 00| 0 spa d |
| 020 ## - International Standard Book Number | |
| Número Internacional Estándar del Libro (ISBN) | 9788484569503 |
| 041 ## - Idioma | |
| Código de idioma | Español |
| 082 ## - Clasificación Decimal Dewey | |
| Número de clasificación | 364 G216c6 |
| 100 ## - Entrada principal--Autor personal | |
| Nombre personal | García-Pablos de Molina, Antonio |
| 9 (RLIN) | 5346 |
| 245 ## - Título propiamente dicho | |
| Título | Criminología: una introducción a sus fundamentos teóricos |
| 250 ## - Edición | |
| Mención de edición | 6 edición |
| 260 ## - Pie de imprenta | |
| Lugar de publicación, distribución, etc. | España |
| 260 ## - Pie de imprenta | |
| Nombre del editor, distribuidor, etc. | Tirant Lo Blanch |
| 260 ## - Pie de imprenta | |
| Fecha de publicación, distribución, etc. | 2007 |
| 300 ## - Descripción física | |
| Extensión | 694 páginas |
| 490 ## - Serie | |
| Título de la Serie | Investigación Criminal |
| 650 ## - Materia general | |
| Temática (materia general) | CRIMINOLOGÍA |
| 650 ## - Materia general | |
| Temática (materia general) | DELITO |
| 650 ## - Materia general | |
| Temática (materia general) | DELINCUENTE |
| 650 ## - Materia general | |
| Temática (materia general) | CONTROL SOCIAL |
| 650 ## - Materia general | |
| Temática (materia general) | TEORÍAS DE CRIMINALIDAD |
| 650 ## - Materia general | |
| Temática (materia general) | PENSAMIENTO CRIMINOLÓGICO |
| 650 ## - Materia general | |
| Temática (materia general) | BIOLOGIA CRIMINAL |
| 650 ## - Materia general | |
| Temática (materia general) | PSICOLOGIA CRIMINAL |
| 650 ## - Materia general | |
| Temática (materia general) | SOCIOLOGÍA CRIMINAL |
| 650 ## - Materia general | |
| Temática (materia general) | PREVENCIÓN DEL CRIMEN |
| 650 ## - Materia general | |
| Temática (materia general) | PREVENCIÓN DEL DELITO |
| 650 ## - Materia general | |
| Temática (materia general) | SEGURIDAD CIUDADANA |
| 942 ## - Punto de acceso adicional KOHA | |
| Tipo de ítem KOHA | Libro |
| Fuente del sistema de clasificación o colocación | Dewey Decimal Classification |
| Signatura completa | Código de barras | Programa Académico | Tipo de ítem |
|---|---|---|---|
| 364 G216c6 | 12785 | Investigación Criminal | Libro |
| 364 G216c6 | 12786 | Investigación Criminal | Libro |
| 364 G216c6 | 12787 | Investigación Criminal | Libro |
| 364 G216c6 | 12788 | Investigación Criminal | Libro |
| 364 G216c6 | 12789 | Investigación Criminal | Libro |